000 00541nam a2200193Ia 4500
005 20250508150203.0
008 008 250505s9999 xx 000 0 eng d
037 _aTextual
040 _aFEDL
_beng
_cFEDL
041 _aeng
_2eng
084 _a370.1, REE
_qFEDL
100 _aReeves Marjorie
245 0 _aGrowing up in a modern society
260 _aLondon, UK
_bUniversity of London Press Ltd.
_c1946
300 _a126p.
650 _aEducation - Philosophy
942 _cTEXL
_h370.1, REE
999 _c1322267
_d1322267